01224nam a2200205Ia 4500008004100000040001800041041000800059110005600067245007400123260007200197300002600269500012600295505041800421546005000839650002800889650001600917650002500933651003700958651002300995130821s2012 ck a gs spa  aCo-BoUCMbspa00aspa1 aColombia.bInstituto Geográfico Agustín Codazzi10aColombia geográficacDVDcInstituto Geográfico Agustín Codazzi. aBogotá (Colombia)bInstituto Geográfico Agustín Codazzic2012 a5 DVDbimagen, sonido aRealice un recorrido audiovisual y conozca la riqueza geográfica, natural y cultural de todos los rincones de Colombia.0 gV.1tRegión Andina: Antioquía, Bogotá, Boyacá, Cundinamarca, Quindio. --gV.2tRegión Andina 2: Caldas, Huila, Norte de Santander, Risaralda, Santander, Tolima. --V.3tRegión Caribe: Atlántico, Bolívar, Cesar, Córdoba, Guajira, Magdalena, Sucre. --gV.4tCauca, Choco, Nariño, Valle del Cauca. --gv.5tRegión de la Amazonia - Región de la Orinoquia - Región Insular- Parques Naturales. aAudio en español. Subtítulos en inglés.04aGeografía de Colombia04aGeografía04aHistoria de Colombia 4aColombiaxDescripciones y viajes 4aColombiaxHistoria